000 00520nam a22001817a 4500
003 CEME
005 20210628203208.0
008 210119b xxu||||| |||| 00| 0 eng d
020 _a0-19-856245-4
040 _cceme
082 _a629.899 DAV
100 _aDavidson, Joseph K , Hunt, Kenneth H
_963914
245 _aRobots and screw theory , applications of kinematics and statics to robotics
260 _aNEW YORK
_bOXFORD UNIVERSITY
_c2004
300 _aXVII,458 P
650 _aROBOTICS
_92585
942 _cBK
_2ddc
999 _c572600
_d572600